Interpret lambda-výrazov

Enregistré dans:
Détails bibliographiques
Auteur principal: Kuzár, Tomáš (Auteur)
Autres auteurs: Košík, Matej, 1978- (Directeur de thèse)
Format: Manuscrit Livre
Langue:slovaque
Publié: Bratislava : STU v Bratislave FIIT, 2006
Sujets:
Tags: Ajouter un tag
Pas de tags, Soyez le premier à ajouter un tag!

MARC

LEADER 00000ntm a22000003a 4500
001 stu140410
005 20180209151537.6
008 070423s2006----xo------------------slo-d
040 |a STU  |b slo 
041 0 |a slo 
044 |a xo 
100 1 |a Kuzár, Tomáš  |4 aut  |X 30457  |7 30457 
245 1 |a Interpret lambda-výrazov 
260 |a Bratislava :  |b STU v Bratislave FIIT,  |c 2006 
300 |a 26 s  |c príl. 
650 7 |a informatika  |2 stusub 
700 1 |a Košík, Matej,  |d 1978-  |4 ths  |u I200  |U FIIT Fakulta informatiky a informačných technológií  |T FIIT Ústav informatiky a softvérového inžinierstva  |X 4609  |U I200  |Y 179  |7 A000004609 
996 |b IZP49/06  |c I*ZP49/06  |l II680  |s A  |a 24  |w stu140410_0001